Ke standardům kvality sociálních služeb
Pokračovanie z č. 10/2002. Ďalšiu publikáciu na tému kvality služieb "Průvodce po standardech kvality sociálních služeb" pripravuje MPSV ČR. Štandardy sa týkajú všetkých sociálnych služieb. Kľúčovou časťou publikácie je výklad štandardov. Príklad výkladu štandardu č. 6 Osobné údaje.
Gespeichert in:
| 1. Verfasser: | |
|---|---|
| Format: | Buchkapitel |
| Sprache: | Tschechisch |
| Schlagworte: | |
| Tags: |
Keine Tags, Fügen Sie das erste Tag hinzu!
|
MARC
| LEADER | 00000naa a2200000 4500 | ||
|---|---|---|---|
| 001 | r047387 | ||
| 005 | 20230913072216.1 | ||
| 041 | 0 | |a cze | |
| 044 | |a CZ | ||
| 245 | 1 | 0 | |a Ke standardům kvality sociálních služeb |c Milena Johnová |
| 520 | |a Pokračovanie z č. 10/2002. Ďalšiu publikáciu na tému kvality služieb "Průvodce po standardech kvality sociálních služeb" pripravuje MPSV ČR. Štandardy sa týkajú všetkých sociálnych služieb. Kľúčovou časťou publikácie je výklad štandardov. Príklad výkladu štandardu č. 6 Osobné údaje. | ||
| 610 | 2 | 0 | |a služby sociálne |
| 610 | 2 | 0 | |a kvalita |
| 610 | 2 | 0 | |a štandardy |
| 610 | 2 | 0 | |a Česko |
| 100 | 1 | |a Johnová, Milena | |